01703nam a2200397 a 4500001001000000003000500010005001700015008004100032010001100073011001100084040000900095090001000104100004000114245015200154260004100306500006000347502008900407590004100496590004100537590004100578590004100619590004100660590004000701590004000741650003200781650003800813650003100851650003500882856007000917901000700987942001000994942000601004999001901010952013601029952014001165000108841CHAP20220329144026.0140314s2013 mx sm |||||||spa d a105303 a106275 cCHAP aTesis00aFlores Rodríguez, Mercedes94171913aLa política del Procede en el ámbito social y económico de dos ejidos de la Huasteca Potosinah[En línea]cpor Mercedes Flores Rodríguez. aChapingo, Méx. :bEl autor,c2013. aPara ver el contenido del material haga clic en la liga aTesis (M.C. en Desarrollo Rural Regional) -- UACH. Dirección de Centros Regionales aBATCH-UPDb05c20140314lUCH01h1143 aBATCH-UPDb10c20140324lUCH01h1536 aBATCH-UPDb10c20141002lUCH01h0858 aE11695DGDb10c20140324lUCH01h0903 aE11695DGDb10c20140324lUCH01h0904 aE5765TAJb05c20140314lUCH01h1142 aE5765TAJb05c20140314lUCH01h114514aComunidades rurales.92625414aEjidosxSan Luis Potosí.93602814aProcede (Programa)912589014aTenencia de la tierra.9125889 aFinding aiduhttp://10.13.5.2/tesis/sist108841.pdfzTeclea aquí aBK cTESIS n0 c105303d105303 00104054718TESISaBCbBCd2014-03-14fTESISl0oTesisp33724002356025r2019-12-31 00:00:00w2019-12-31yTESISzRecien adquirido 00102local4053708TESISaBCbBCcPA_TESISd2014-03-14fTESISl0oTesisp33724002356793r2019-12-31 00:00:00tc.2w2019-12-31yTESIS